Everyday greatness: inspiration for a meaningful life (Record no. 9762)
[ view plain ]
| 000 -LEADER | |
|---|---|
| fixed length control field | 00612 a2200181 4500 |
| 020 ## - INTERNATIONAL STANDARD BOOK NUMBER | |
| International Standard Book Number | 140160241X |
| 040 ## - CATALOGING SOURCE | |
| Original cataloging agency | DLC |
| Language of cataloging | DLC |
| 082 00 - DEWEY DECIMAL CLASSIFICATION NUMBER | |
| Classification number | 170.44 |
| 100 1# - MAIN ENTRY--PERSONAL NAME | |
| Personal name | Covey, Stephen R. |
| 245 10 - TITLE STATEMENT | |
| Title | Everyday greatness: inspiration for a meaningful life |
| Remainder of title | inspiration for a meaningful life |
| Statement of responsibility, etc. | Steven R. Covey ; compiled by David K. Hatch. |
| 246 10 - VARYING FORM OF TITLE | |
| Title proper/short title | Inspiration for a meaningful life |
| 260 ## - PUBLICATION, DISTRIBUTION, ETC. | |
| Place of publication, distribution, etc. | Nashville, Tenn. : |
| Name of publisher, distributor, etc. | Rutledge Hill Press, |
| Date of publication, distribution, etc. | c2006. |
| 300 ## - PHYSICAL DESCRIPTION | |
| Extent | xvii, 445 p. ; |
| Dimensions | 25 cm. |
| 500 ## - GENERAL NOTE | |
| General note | "Reader's Digest." |
| 650 #0 - SUBJECT ADDED ENTRY--TOPICAL TERM | |
| Topical term or geographic name entry element | Conduct of life. |
| 700 1# - ADDED ENTRY--PERSONAL NAME | |
| Personal name | Hatch, David K., |
| Dates associated with a name | 1958- |
| 942 ## - ADDED ENTRY ELEMENTS (KOHA) | |
| Koha item type | Book |
| Call number prefix | 170.44 COV |
| Source of classification or shelving scheme | |
| Withdrawn status | Lost status | Damaged status | Not for loan | Collection code | Permanent Location | Current Location | Shelving location | Date acquired | Source of acquisition | Cost, normal purchase price | Total Checkouts | Total Renewals | Full call number | Barcode | Date last seen | Date last checked out | Price effective from | Koha item type |
|---|---|---|---|---|---|---|---|---|---|---|---|---|---|---|---|---|---|---|
| Central Library (CL) | Central Library (CL) | General Stacks | 11/07/2009 | Donation | 0.00 | 4 | 4 | 170.44 COV | SEECS009827 | 12/28/2025 | 09/12/2025 | 01/05/2017 | Book | |||||
| Central Library (CL) | Central Library (CL) | General Stacks | 11/07/2009 | Donation | 0.00 | 11 | 1 | 170.44 COV | SEECS009882 | 11/07/2025 | 10/08/2025 | 01/05/2017 | Book |
